Estadísticas para Países más Cercanos a Australia

Haz click aquí para tomar la prueba!

Estadísticas generales

  • Esta prueba ha sido tomada 946 veces
  • La puntuación promedio es 16 de 20

Estadísticas de respuestas

km País millas % Correcto
1303Nueva Zelanda810
98%
123Indonesia86
96%
4Papua Nueva Guinea2
92%
2250Malasia1398
88%
2591Fiyi1610
86%
1391Islas Salomón864
85%
1778Estados Federados
de Micronesia
1105
84%
3266Islas Marshall2029
84%
1744Vanuatu1084
83%
1920Filipinas1193
83%
3199Tuvalu1988
82%
3086Kiribati1918
79%
3228Tonga2006
79%
2798Singapur1738
78%
3391Tailandia2107
78%
2863Nauru1779
76%
461Timor Oriental286
76%
3413Vietnam2121
75%
1995Palaos1240
73%
2402Brunéi1493
66%

Distribución de puntuación

Porcentaje por número respondido

Porcentaje de gente con cada puntuación

Historial de tus puntuaciones

No has tomado esta prueba